000 00438nam a22001577a 4500
003 OSt
005 20260123115752.0
008 260123b |||||||| |||| 00| 0 eng d
040 _cMRSPTU
041 _aEnglish
100 _aRabia Sachdeva, Supervisor: Abhilasha
245 _aImproving Existing POS Tagger in Punjabi Language
260 _bDepartment of CSE, MRSPTU, Bathinda
_c2014
650 _aComputer Science
942 _2ddc
_cTH
_n0
999 _c10729
_d10729